000 00273nam a2200109Ia 4500
008 201217s9999 xx 000 0 und d
100 _aKoburger, Charles W.
245 0 _aVessel Traffic Systems
260 _aCentreville
_bCornell Maritime Press
300 _a169
942 _cBK
999 _c7847
_d7847